Počítače v systéme spracovania informácií /

Enregistré dans:
Détails bibliographiques
Auteur principal: Majerová, Emília (Auteur)
Format: Livre
Langue:slovaque
Publié: Bratislava : Alfa, 1984
Collection:Počítače
Tags: Ajouter un tag
Pas de tags, Soyez le premier à ajouter un tag!

MARC

LEADER 00000nam a22000003a 4500
001 stu140662
005 20150617225926.3
008 070430s1984----cs------------------slo-d
040 |a STU  |b slo 
041 0 |a slo 
044 |a cs 
080 |a 681.3 
080 |a 519.6:659.2.001.5 
100 1 |a Majerová, Emília  |4 aut 
245 1 |a Počítače v systéme spracovania informácií /  |c [aut.] Majerová,Emília 
260 |a Bratislava :  |b Alfa,  |c 1984 
300 |a 248 s 
830 0 |a Počítače 
996 |c V*28267/O-11875  |l VV7  |s P  |a 0  |w stu140662_0001